Statistics for Top 5 Countries that produce ... #3

Click here to take the quiz!

General Stats

  • This quiz has been taken 1,157 times
  • The average score is 26 of 30

Answer Stats

Answer% Correct
United States
99%
United States
99%
United States
99%
United States
99%
China
98%
China
98%
China
98%
Russia
96%
Russia
96%
Brazil
95%
India
94%
India
94%
India
94%
Canada
93%
Australia
90%
Australia
90%
Australia
90%
Indonesia
87%
Indonesia
87%
Democratic Republic of the Congo
81%
New Zealand
81%
Argentina
80%
Germany
79%
Malaysia
74%
Thailand
73%
Vietnam
71%
Pakistan
70%
Sweden
69%
Finland
66%
Botswana
54%

Score Distribution

Percentile by Number Answered

Percent of People with Each Score

Your Score History

You have not taken this quiz